Knowledge management : (Record no. 20499)
[ view plain ]
| 000 -LEADER | |
|---|---|
| fixed length control field | 01582nam a22002655a 4500 |
| 005 - DATE AND TIME OF LATEST TRANSACTION | |
| control field | 20160211104210.0 |
| 008 - FIXED-LENGTH DATA ELEMENTS--GENERAL INFORMATION | |
| fixed length control field | 150812t2014 ii a frbd 001 0 eng d |
| 020 ## - INTERNATIONAL STANDARD BOOK NUMBER | |
| International Standard Book Number | 8122436307 |
| 020 ## - INTERNATIONAL STANDARD BOOK NUMBER | |
| International Standard Book Number | 9788122436303 |
| 040 ## - CATALOGING SOURCE | |
| Original cataloging agency | EG-ScBUE |
| Transcribing agency | EG-ScBUE |
| Modifying agency | YDX |
| Language of cataloging | eng |
| 082 04 - DEWEY DECIMAL CLASSIFICATION NUMBER | |
| Classification number | 658.4038 |
| Edition number | 22 |
| Item number | DES |
| 100 1# - MAIN ENTRY--PERSONAL NAME | |
| Personal name | Desouza, Kevin C., |
| Dates associated with a name | 1979- |
| 9 (RLIN) | 39300 |
| 245 10 - TITLE STATEMENT | |
| Title | Knowledge management : |
| Remainder of title | an introduction / |
| Statement of responsibility, etc | Kevin C. Desouza and Scott Paquette. |
| 260 ## - PUBLICATION, DISTRIBUTION, ETC. (IMPRINT) | |
| Place of publication, distribution, etc | New Delhi : |
| Name of publisher, distributor, etc | New Age International (P) Ltd., Publishers, |
| Date of publication, distribution, etc | c.2014. |
| 300 ## - PHYSICAL DESCRIPTION | |
| Extent | xvi, 351 p. : |
| Other physical details | ill. ; |
| Dimensions | 23 cm. |
| 500 ## - GENERAL NOTE | |
| General note | Glossary : p. 329-336. |
| 500 ## - GENERAL NOTE | |
| General note | Index : p. 337-348. |
| 504 ## - BIBLIOGRAPHY, ETC. NOTE | |
| Bibliography, etc | Includes bibliographical references. |
| 505 0# - FORMATTED CONTENTS NOTE | |
| Formatted contents note | An introduction to knowledge management / Kevin C. Desouza -- The concept of knowledge / Peter Baloh with Kevin C. Desouza and Scott Paquette -- The concept of management / Jongmin T. Moon with Kevin C. Desouza -- Knowledge creation / Scott Paquette and Kevin C. Desouza -- Knowledge organization / Scott Paquette -- Knowledge transfer / Scott Paquette and Kevin C. Desouza -- Knowledge application / Chen Ye with Kevin C. Desouza and Scott Paquette -- Building global knowledge management systems / Kevin C. Desouza and Chris Rivinus -- Building the business case for knowledge management / Kevin C. Desouza -- Managing knowledge for organizational value / Scott Paquette and Kevin C. Desouza. |
| 650 #7 - SUBJECT ADDED ENTRY--TOPICAL TERM | |
| Topical term or geographic name as entry element | Knowledge management. |
| Source of heading or term | BUEsh |
| 9 (RLIN) | 12057 |
| 651 ## - SUBJECT ADDED ENTRY--GEOGRAPHIC NAME | |
| Source of heading or term | BUEsh |
| 653 ## - INDEX TERM--UNCONTROLLED | |
| Resource For college | Informatics and Computer Science |
| -- | Generalities |
| Arrived date list | August2015 |
| -- | February2016 |
| 700 1# - ADDED ENTRY--PERSONAL NAME | |
| Personal name | Paquette, Scott. |
| 942 ## - ADDED ENTRY ELEMENTS (KOHA) | |
| Source of classification or shelving scheme | Dewey Decimal Classification |
| Call number prefix | 658.4038 DES |
| Withdrawn status | Lost status | Source of classification or shelving scheme | Damaged status | Not for loan | Koha collection | Home library | Current library | Shelving location | Date acquired | Source of acquisition | Cost, normal purchase price | Serial Enumeration / chronology | Total Checkouts | Full call number | Barcode | Date last seen | Date last borrowed | Cost, replacement price | Koha item type |
|---|---|---|---|---|---|---|---|---|---|---|---|---|---|---|---|---|---|---|---|
| Dewey Decimal Classification | Baccah | Central Library | Central Library | First floor | 12/08/2015 | Purchase | 170.00 | 21759 | 1 | 658.4038 DES | 000030769 | 15/07/2025 | 26/10/2016 | 213.00 | Book - Borrowing |